Liberalizácia svetového obchodu v rámci piliera prístupu na trh
Od roku 2001 na pôde WTO prebiehajú rokovania zamerané na podstatnú liberalizáciu podmienok v troch základných pilieroch - domáce podpory, exportná súťaž a prístup na trh. Autorka sa v článku venuje tretiemu, tomu najkomplikovanejšiemu pilieru prístupu na trh, v rámci ktorého zostáva najviac otvoren...
Gespeichert in:
| 1. Verfasser: | |
|---|---|
| Format: | Buchkapitel |
| Sprache: | Slowakisch |
| Schlagworte: | |
| Tags: |
Keine Tags, Fügen Sie das erste Tag hinzu!
|
MARC
| LEADER | 00000naa$a2200000$$$4500 | ||
|---|---|---|---|
| 001 | 0116714 | ||
| 005 | 20231018092340.1 | ||
| 041 | 0 | |a slo | |
| 044 | |a SK | ||
| 245 | 1 | 0 | |a Liberalizácia svetového obchodu v rámci piliera prístupu na trh |c Jozef Gálik |
| 520 | |a Od roku 2001 na pôde WTO prebiehajú rokovania zamerané na podstatnú liberalizáciu podmienok v troch základných pilieroch - domáce podpory, exportná súťaž a prístup na trh. Autorka sa v článku venuje tretiemu, tomu najkomplikovanejšiemu pilieru prístupu na trh, v rámci ktorého zostáva najviac otvorených problémov. Cieľom je pomôcť rozvojovým krajinám k aktívnejšiemu zapájaniu sa do medzinárodnej tovarovej výmeny a prieniku ich výrobkov na trhy vyspelých krajín. | ||
| 610 | 2 | 0 | |a obchod svetový |
| 610 | 2 | 0 | |a liberalizácia |
| 610 | 2 | 0 | |a globalizácia hospodárstva |
| 610 | 2 | 0 | |a krajiny rozvojové |
| 100 | 1 | |a Gálik, Jozef | |